Score 0/7 Timer 03:00
2 Plays Today
Question Answer Wrong Answers
At Gilmore's Gardens in New York City, the first Westminster Kennel Club ______ Show opens.
1877
Dog
94%
Cat
1.3%
Horse
2.6%
Pig
1.2%
______ Day is celebrated to mark the end of World War II in Europe.
1945
V-E
77.2%
Armistice
15.7%
Peace
2.3%
Allies
1.6%
This American film studio, whose logo features a mountain with an arc of stars above, is founded.
1912
Paramount Pictures
74.6%
Columbia Pictures
13.2%
20th Century Fox
6.6%
Warner Bros.
2.6%
The capital of the Confederate States of America moves from Montgomery, Alabama to this city.
1861
Richmond
68.7%
Charlotte
6.9%
Raleigh
6.5%
Charleston
17.8%
Reinhold Messner and Peter Habeler make the first ascent of Mount Everest without this.
1978
Supplemental Oxygen
65.9%
A Sherpa
23.9%
Stopping at Base Camp
5%
Crampons
1.5%
The World Health Organization confirms the eradication of this infectious disease.
1980
Smallpox
53.3%
Polio
34.7%
Tuberculosis
5.2%
Malaria
2.9%
This former US President, known for launching the Marshall Plan to rebuild the economy of Western Europe, is born.
1884
Harry S. Truman
53.1%
Dwight D. Eisenhower
17.4%
Herbert Hoover
7.1%
Woodrow Wilson
20.4%
Remove Ads.
Support Sporcle.
Get the best of Sporcle when you Go Orange. This ad-free experience offers more features, more stats, and more fun while also helping to support Sporcle. Thank you for becoming a member.

You're not logged in!

Compare scores with friends on all Sporcle quizzes.
OR
Log In

Show Comments

Extras

Top Quizzes Today


Score Distribution

Your Account Isn't Verified!

In order to create a playlist on Sporcle, you need to verify the email address you used during registration. Go to your Sporcle Settings to finish the process.

Report this User

Report this user for behavior that violates our Community Guidelines.

Details: